| 000 | 00675nam a2200193 i 4500 | ||
|---|---|---|---|
| 001 | 184622 | ||
| 003 | ES-MaACL | ||
| 005 | 20250930063157.0 | ||
| 008 | 151027s1940 sp |||| | spa d | ||
| 100 | 1 |
_aPuigdollers Oliver, Mariano, _d1896-1984 _9158034 |
|
| 245 | 1 | 3 |
_aLa filosofía española de Luis Vives / _cpor Mariano Puigdollers Oliver. |
| 260 |
_aBarcelona : _bLabor, _c1940. |
||
| 300 |
_a319 p. : _b16 lám. ; _c19 cm. |
||
| 490 | 1 |
_aColección pro Ecclesia et Patria ; _v17 |
|
| 600 | 1 | 4 |
_aVives, Juan Luis, _d1492-1540 _9115574 |
| 830 | 0 |
_aColección pro Ecclesia et Patria ; _v17 _9192193 |
|
| 852 |
_aES-MaACL _jC-29150 |
||
| 999 |
_c184622 _d184622 |
||